| 000 | 00325nam a2200097Ia 4500 | ||
|---|---|---|---|
| 008 | 180130s9999 xx 000 0 und d | ||
| 245 |
_cSamuels, Darren; Rohsenow, Thomas (PhD) _aCyber terrorism framework |
||
| 260 | _c2015 | ||
| 300 | _aBook title: Cyber security--Acession number C20544; pages 33-46 | ||
| 650 | _aCYBER SECURITY | ||
| 999 |
_c354207 _d354207 |
||